ARRUPE JESUIT UNIVERSITY

CORONAVIRUS -STOP THE SPREAD - CLEAN,DISINFECT,COVER

Sir Charles Coghlan : (Record no. 126182)

MARC details
000 -LEADER
fixed length control field 00752nam a22002057a 4500
001 - CONTROL NUMBER
control field 3732050
003 - CONTROL NUMBER IDENTIFIER
control field ARRUPE
005 - DATE AND TIME OF LATEST TRANSACTION
control field 20170222143745.0
008 - FIXED-LENGTH DATA ELEMENTS--GENERAL INFORMATION
fixed length control field 820726|1979 ||| 000 0 eng
010 ## - LIBRARY OF CONGRESS CONTROL NUMBER
LC control number 80980680
040 ## - CATALOGING SOURCE
Original cataloging agency DLC
Transcribing agency DLC
Modifying agency DLC
050 00 - LIBRARY OF CONGRESS CALL NUMBER
Classification number MLCM 82/1256
300 ## - PHYSICAL DESCRIPTION
Dimensions 24 cm.
100 1# - MAIN ENTRY--PERSONAL NAME
Personal name Hummel, H. C.
9 (RLIN) 28955
245 10 - TITLE STATEMENT
Title Sir Charles Coghlan :
Remainder of title the premiership, 1923-1927 /
Statement of responsibility, etc H.C. Hummel.
260 ## - PUBLICATION, DISTRIBUTION, ETC. (IMPRINT)
Place of publication, distribution, etc Salisbury :
Name of publisher, distributor, etc Historical Association of Zimbabwe,
Date of publication, distribution, etc c1979.
300 ## - PHYSICAL DESCRIPTION
Extent 30 p. ;
440 ## - SERIES STATEMENT/ADDED ENTRY--TITLE
Title Local series / Historical Association of Zimbabwe ; 35
9 (RLIN) 28956
500 ## - GENERAL NOTE
General note A revised version of Chapter 9 of the author's thesis, University of London, 1975.
600 ## - SUBJECT ADDED ENTRY--PERSONAL NAME
Personal name Coghlan, Charles
9 (RLIN) 28957
906 ## - LOCAL DATA ELEMENT F, LDF (RLIN)
a 7
b cbc
c orignew
d 4
e ncip
f 19
g y-gencatlg
942 ## - ADDED ENTRY ELEMENTS (KOHA)
Source of classification or shelving scheme Library of Congress Classification
Koha item type SPC
Holdings
Withdrawn status Lost status Source of classification or shelving scheme Damaged status Not for loan Collection code Home library Current library Shelving location Date acquired Total Checkouts Full call number Barcode Date last seen Price effective from Koha item type
    Library of Congress Classification     SPECIAL Collection ARRUPE LIBRARY ARRUPE LIBRARY Reference 22/02/2017   SPC DT2975.C6 H925 46500025777 22/02/2017 22/02/2017 SPC

 

Arrupe Library. PO Box MP320 Mt Pleasant, Harare, Zimbabwe
263 242 745411|librarian@aju.ac.zw